Southville International School and Colleges
Your cart is empty.
  • Cart
  • Lists
    Public lists Eva Luna New books Lux_list list_1
    Your lists Log in to create your own lists
  • Log in to your account
  • Your cookies
  • Search history
Southville International School and Colleges
  • Advanced search
  • Recent comments
  • Most popular
  • Libraries

Log in to your account

Log in with GOOGLE


If you do not have an external account, but do have a local account, you can still log in:

  1. Home
  2. MARC view: 5 Steps to a 5 AP Psychology /
Normal view MARC view ISBD view

5 Steps to a 5 AP Psychology / (Record no. 21561)

[ view plain ]
MARC details
000 -LEADER
fixed length control field 00700nam a2200229 a 4500
005 - DATE AND TIME OF LATEST TRANSACTION
control field 20140310183331.0
008 - FIXED-LENGTH DATA ELEMENTS--GENERAL INFORMATION
fixed length control field 060818s19uu xx 00 eng d
020 ## - INTERNATIONAL STANDARD BOOK NUMBER
International Standard Book Number 0071412778
050 ## - LIBRARY OF CONGRESS CALL NUMBER
Classification number BF 78
Item number .M232 2004
100 ## - MAIN ENTRY--PERSONAL NAME
Personal name Maitland, Laura L.
245 ## - TITLE STATEMENT
Title 5 Steps to a 5 AP Psychology /
Statement of responsibility, etc Laura L. Maitland
260 ## - PUBLICATION, DISTRIBUTION, ETC. (IMPRINT)
Place of publication, distribution, etc New York :
Name of publisher, distributor, etc McGraw-Hill,
Date of publication, distribution, etc 2004.
300 ## - PHYSICAL DESCRIPTION
Extent 381 p. :
Other physical details ill. ;
Dimensions 27 cm.
440 ## - SERIES STATEMENT/ADDED ENTRY--TITLE
Title 5 Steps to a 5 Series
521 ## - TARGET AUDIENCE NOTE
Target audience note
650 ## - SUBJECT ADDED ENTRY--TOPICAL TERM
Topical term or geographic name as entry element Psychology
General subdivision Examinations
-- Questions - et al.
650 ## - SUBJECT ADDED ENTRY--TOPICAL TERM
Topical term or geographic name as entry element Psychology
General subdivision Examinations
-- Study guides.
650 ## - SUBJECT ADDED ENTRY--TOPICAL TERM
Topical term or geographic name as entry element Advanced placement programs
General subdivision Education.
700 ## - ADDED ENTRY--PERSONAL NAME
Personal name Hannah, Pam
942 ## - ADDED ENTRY ELEMENTS (KOHA)
Koha item type Books
Source of classification or shelving scheme Library of Congress Classification
Call number prefix Foreign
Holdings
Withdrawn status Lost status Source of classification or shelving scheme Damaged status Home library Current library Shelving location Date acquired Source of acquisition Cost, normal purchase price Total Checkouts Total Renewals Full call number Barcode Date last seen Date checked out Copy number Price effective from Koha item type
    Library of Congress Classification   College Library College Library General Circulation Section 04/07/2010   1238.00 3 31 BF 78 .M232 2004 C7507 11/25/2019 10/05/2019 1 10/10/2013 Books

5 Steps to a 5 AP Psychology /

APA

Maitland L. L., Hannah P., . (2004). 5 Steps to a 5 AP Psychology. New York: McGraw-Hill.

Chicago

Maitland Laura L, Hannah Pam, . 2004. 5 Steps to a 5 AP Psychology. New York: McGraw-Hill.

Harvard

Maitland L. L., Hannah P., . (2004). 5 Steps to a 5 AP Psychology. New York: McGraw-Hill.

MLA

Maitland Laura L, Hannah Pam, . 5 Steps to a 5 AP Psychology. New York: McGraw-Hill. 2004.

  • Place hold
  • Print
  • Cite
  • Add to your cart (remove)
  • Save record
    BIBTEX Dublin Core MARCXML MARC (non-Unicode/MARC-8) MARC (Unicode/UTF-8) MARC (Unicode/UTF-8, Standard) MODS (XML) RIS
  • More searches
    Search for this title in:
    Other Libraries (WorldCat) Other Databases (Google Scholar) Online Stores (Bookfinder.com) Open Library (openlibrary.org)

Exporting to Dublin Core...

SOUTHVILLE LIBRARY

Southville International School and Colleges Library

1281 Tropical Ave. Cor. Luxembourg St., BF Homes International, Las Pinas City

Tel. No. 8256374 / 252358 Loc. 117/146

Powered by Koha